Don't go to Europe! - Sudden Death - Capitals - Statistics

General Stats
  • This quiz has been taken 3,229 times
  • The average score is 14 of 20
Answers on the Grid
Answers color-coded by a green-red scale on the quiz's grid according to % correct below.
Libreville
Brussels
Riga
Skopje
Bamako
Kathmandu
Castries
Pyongyang
Nairobi
Kyiv
Vatican City
Copenhagen
Bratislava
Paramaribo
Tehran
Tallinn
Pristina
Minsk
Paris
Palikir
Bucharest
Tbilisi
Belmopan
Vientiane
Tripoli
Stockholm
Bishkek
Prague
Athens
Reykjavik
Sofia
Nouakchott
Abu Dhabi
Vienna
Zagreb
Lissabon
Vilnius
Ottawa
Oslo
Dushanbe
Santiago
Moscow
Beirut
Dublin
Madrid
Ljubljana
Vaduz
Kuala Lumpur
Ankara
Nuku'alofa
 
Answer Stats
Answer % Correct
Libreville
95%
Kathmandu
78%
Pyongyang
75%
Nairobi
73%
Castries
72%
Tehran
70%
Paramaribo
69%
Palikir
68%
Tripoli
68%
Abu Dhabi
67%
Belmopan
67%
Vientiane
67%
Bishkek
66%
Ottawa
66%
Nouakchott
65%
Tbilisi
65%
Beirut
64%
Kuala Lumpur
64%
Nuku'alofa
61%
Ankara
60%
No matching quizzes found
Score Distribution
Percent of People with Each Score
Percentile by Number Answered
Your Score History
You have not taken this quiz